书目信息 |
| 题名: |
北京客1
|
|
| 作者: | 黄岩 编著 | |
| 分册: | ||
| 出版信息: | 北京 文化艺术出版社 2013.12 |
|
| 页数: | 319页 | |
| 开本: | 20cm | |
| 丛书名: | ||
| 单 册: | ||
| 中图分类: | J222.7 | |
| 科图分类: | ||
| 主题词: | 绘画--中国 | |
| 电子资源: | ||
| ISBN: | 7-5039-5745-X | |
| 000 | 00548nam0 2200193 450 | |
| 001 | 2638278506 | |
| 005 | 20260414104009.11 | |
| 010 | @a7-5039-5745-X@dCNY47.00 | |
| 100 | @a20260414d2013 km y0chiy0120 ea | |
| 101 | 0 | @achi |
| 102 | @aCN@b110000 | |
| 200 | 1 | @a北京客1@ABei Jing Ke 1@f黄岩编著@FHuang Yan Bian Zhu |
| 210 | @a北京@c文化艺术出版社@d2013.12 | |
| 215 | @a319页@d20cm | |
| 606 | 0 | @a绘画@x中国 |
| 690 | @aJ222.7@v4 | |
| 701 | 0 | @a黄岩@AHuang Yan@4编著 |
| 801 | 0 | @aCN@b大连网信软件有限公司图书馆·11@c20260414 |
| 905 | @aZUCC@dJ222.7@e588 | |
| 北京客1/黄岩编著.-北京:文化艺术出版社,2013.12 |
| 319页;20cm |
| ISBN 7-5039-5745-X:CNY47.00 |
| ● |
| 相关链接 |
|
|
|
|
正题名:北京客1
索取号:J222.7/588
 
预约/预借
| 序号 | 登录号 | 条形码 | 馆藏地/架位号 | 状态 | 备注 |
| 1 | 1442652 | 214426520 | 第一样本阅览室/ [索取号:J222.7/588] | 在馆 |